Leadership!: (Record no. 12502)

000 -LEADER
fixed length control field 00602nam a2200181 a 4500
001 - CONTROL NUMBER
control field :::00010304$&:&@@
003 - CONTROL NUMBER IDENTIFIER
control field OkBaRHE
005 - DATE AND TIME OF LATEST TRANSACTION
control field 20000607103358.0
008 - FIXED-LENGTH DATA ELEMENTS--GENERAL INFORMATION
fixed length control field s1987 j 000 0 eng u
040 ## - CATALOGING SOURCE
Transcribing agency
100 1# - MAIN ENTRY--PERSONAL NAME
Personal name St. Clair, Barry.
245 10 - TITLE STATEMENT
Title Leadership!:
Remainder of title equipping youth workers to lead students to maturity in Christ.
260 ## - PUBLICATION, DISTRIBUTION, ETC. (IMPRINT)
Place of publication, distribution, etc Wheaton, IL., :
Name of publisher, distributor, etc Scripture Press
Date of publication, distribution, etc 1987
300 ## - PHYSICAL DESCRIPTION
Extent 132 p. : : illus. ;
Dimensions 28 cm.
650 ## - SUBJECT ADDED ENTRY--TOPICAL TERM
Topical term or geographic name as entry element Church Work with Youth
942 ## - ADDED ENTRY ELEMENTS (KOHA)
Source of classification or shelving scheme
Koha item type Books
Copies
Koha item type Lost status Permanent Location Date acquired Copy number Date last seen Full call number Source of classification or shelving scheme Price effective from Not for loan Barcode Withdrawn status Shelving location Damaged status
Books RHEMA Bible Training College2010-04-1412010-04-14BV 4447 .S67 2010-04-14 10304 General Stacks